Les 30 joueurs les mieux valorisés de Liga en 2026 - Statistiques

Statistiques générales
  • Ce quiz a été pris 270 fois
    127 depuis la dernière actualisation
  • Le résultat moyen est 24 sur 33
Statistiques - réponses
Rang Valeur Club Natilonalité Réponse % Correct
- 200 M Real Madrid France Kylian Mbappé
100%
1 200 M FC Barcelone Espagne Lamine Yamal
100%
5 140 M Real Madrid Angleterre Jude Bellingham
99%
- 150 M Real Madrid Brésil Vinicius Jr.
99%
3 150 M FC Barcelone Espagne Pedri
98%
- 90 M Real Madrid Turquie Arda Güler
97%
6 120 M Real Madrid Uruguay Frederico Valverde
97%
8 90 M Atlético Madrid Argentine Julián Alvarez
96%
12 75 M Real Madrid France Aurélien Tchouaméni
95%
10 80 M FC Barcelone Brésil Raphinha
95%
13 65 M FC Barcelone France Jules Koundé
93%
- 50 M Real Madrid France Eduardo Camavinga
88%
- 80 M FC Barcelone Espagne Pau Cubarsí
87%
- 45 M FC Barcelone Pays-Bas Frenkie De Jong
82%
- 65 M Real Madrid Angleterre Trent Alexander-Arnold
77%
- 50 M Real Madrid Brésil Rodrygo
76%
27 40 M Atlético Madrid Nigéria Ademola Lookman
75%
19 55 M FC Barcelone Espagne Alejandro Balde
75%
- 50 M FC Barcelone Espagne Ferran Torres
74%
- 40 M FC Barcelone Espagne Joan García
74%
20 50 M Athletic Bilbao Espagne Nico Williams
74%
- 40 M FC Barcelone Angleterre Marcus Rashford
66%
- 60 M FC Barcelone Espagne Dani Olmo
64%
7 100 M FC Barcelone Espagne Fermín López
63%
- 65 M Real Madrid Espagne Dean Huijsen
53%
- 40 M Betis Séville Brésil Antony
52%
- 40 M Atlético Madrid Argentine Giuliano Simeone
52%
- 45 M Real Madrid Argentine Franco Mastantuono
51%
- 60 M Real Madrid Espagne Álvaro Carreras
50%
- 40 M Villarreal Sénégal Pape Gueye
44%
16 60 M Atlético Madrid Espagne Pablo Barrios
35%
24 45 M Atlético Madrid Espagne Álex Baena
25%
- 40 M Villarreal Espagne Alberto Moleiro
7%
Aucun quiz correspondant
Distribution des résultats
% des personnes avec chaque résultat
Percentile par nombre de réponses
Votre historique - résultats
Vous n’avez pas pris ce quiz depuis la dernière actualisation